| 000 | 00508cam a2200181ua 4500 | ||
|---|---|---|---|
| 020 |
_a81-7808-511-9 _c275.00 |
||
| 041 |
_aeng _h |
||
| 082 |
_a670.285 _bGRO/AU |
||
| 100 | _aGroover, Mikell.P . | ||
| 245 |
_aAutomation production systems, and computer integrated manufacturing / _cP.Mikell Groover. _hTextual Documents |
||
| 250 |
_a2 / _b. |
||
| 260 |
_aDelhi : _bPearson education Ltd , _c2001. |
||
| 300 | _a856 ; . | ||
| 365 | _a275.00 | ||
| 504 | _a | ||
| 942 | _cBK | ||
| 999 |
_c2274 _d2274 |
||